00578nam a22002057a 450000500170000001000130001702000220003003500130005203700160006504000120008108200110009310000280010424500650013226000400019727000440023730000200028149000400030165000180034165000130035920170124110110.0 aA-493562 c00.00a8170187109 aA-493562 bCen Lib/Ret aDPLbEN aNbGOK aGokak, Vinayak Krishna  aNarahari :cby Vinayak Krishna Gokakbprophet of new India / aDelhibB.R. publishing house c1992 bDelhia1 Ansari road Daryaganj e110002 a298p.c21cm(Hb) aNew world literature seriesvno. 54 a Lliterature  aFiction